UBT Library

Gaṇaneyy hiraññvattu = (Record no. 39831)

000 -LEADER
fixed length control field 00654cam a22002297a 4500
001 - CONTROL NUMBER
control field 16582269
005 - DATE AND TIME OF LATEST TRANSACTION
control field 20180109034157.0
008 - FIXED-LENGTH DATA ELEMENTS--GENERAL INFORMATION
fixed length control field 101216s2010 cb a b 000 0 khmo
010 ## - LIBRARY OF CONGRESS CONTROL NUMBER
LC control number 2010436705
040 ## - CATALOGING SOURCE
Original cataloging agency DLC
Transcribing agency DLC
Modifying agency DLC
041 ## - LANGUAGE CODE
Language code of text/sound track or separate title eng
042 ## - AUTHENTICATION CODE
Authentication code lcode
080 ## - UNIVERSAL DECIMAL CLASSIFICATION NUMBER
Universal Decimal Classification number 330.722.6 KIM
100 ## - Rafti
Rafti 62
101 ## - Shkurtesa
Shkurtesa FIN
245 00 - TITLE STATEMENT
Title Gaṇaneyy hiraññvattu =
246 31 - VARYING FORM OF TITLE
Title proper/short title Financial accouting
504 ## - BIBLIOGRAPHY, ETC. NOTE
Bibliography, etc Includes bibliographical references.
906 ## - LOCAL DATA ELEMENT F, LDF (RLIN)
a 7
b cbc
c origode
d 4
e ncip
f 20
g y-gencatlg
942 ## - ADDED ENTRY ELEMENTS (KOHA)
Source of classification or shelving scheme
Item type Books
Holdings
Withdrawn status Lost status Source of classification or shelving scheme Damaged status Not for loan Collection code Permanent location Current location Shelving location Date acquired Total Checkouts Full call number Barcode Date last seen Price effective from Koha item type
          Koleksioni i përgjithshem UBT - Lipjan UBT - Lipjan Koleksioni i përgjithshem 01/09/2018   330.722.6 KIE 002-2995000 01/09/2018 01/09/2018 Books
UBT Library © 2015-2024. All rights reserved University Education for Business and Technology